Представление документа в формате RUSMARC

ПолеНазваниеЗначение
  Тип записи a
  Библиографический уровень a
001 Контрольный номер UONB/MAIN/2a9f7234a3d74a9db1eff4038a69b2e2
005 Дата корректировки 20260408130311.9
100 Данные общей обработки __
a Данные общей обработки 20260408 ||| 0rusy0189 ca
101 Язык документа 0_
a Язык текста rus
102 Страна публикации __
a Страна публикации RU
200 Заглавие и сведения об ответственности 1_
a Заглавие Для прогулок в прошлое
f Первые сведения об ответственности Е. Антонова
203 Вид содержания и тип средства __
a Вид содержания Текст
b Характеристика содержания визуальный
c Тип средства непосредственный
215 Физическое описание __
c Иллюстрации/тип воспроизводства ил., портр.
330 Аннотация __
a Аннотация Районный историко-краеведческий музей - одно из главных культурных достояний Сурского района.
461 Уровень набора _0
1 2000
a Сурская правда
463 Уровень физической единицы _0
1 2000
a № 14 (105216) (3 апреля)
v С. 2
1 2101
d 2026
1 001UONB/MAIN/067fccd0cc324d79a22b8f15c269d01d
607 Географические рубрики __
a Географическое наименование Сурское, рабочий поселок (Сурский район ; Ульяновская область)
610 Ключевые слова 0_
a Ключевые слова музеи; национальные проекты; экскурсии
686 Индексы других классификаций __
2 Код системы rubbk
a Классификационный индекс 79.140.675
700 Автор _1
a Фамилия Антонова
b Имя (инициалы) Е.
801 Источник записи _0
a Страна RU
b Организация Ульяновская ОНБ
c Дата составления 20260408
g Правила каталогизации RCR
801 Источник записи _1
a Страна RU
b Организация Ульяновская ОНБ
c Дата составления 20260408
g Правила каталогизации RCR
901 Тип документа __
t Тип документа f
w Контрольный № источника UONB/MAIN/067fccd0cc324d79a22b8f15c269d01d
909 Создатель записи __
a Создатель записи Логинова
b Дата создания записи 20260408